50 bài kiểm tra tiếng Anh tuyển chọn = 50 selected tests

Gorde:
Xehetasun bibliografikoak
Egile nagusia: Lê Huy Lâm
Formatua: Liburua
Hizkuntza:Undetermined
Argitaratua: Tp. HCM Tp HCM 2002
Gaiak:
Etiketak: Etiketa erantsi
Etiketarik gabe, Izan zaitez lehena erregistro honi etiketa jartzen!
Thư viện lưu trữ: Trung tâm Học liệu Trường Đại học Cần Thơ
LEADER 00600nam a2200193Ia 4500
001 CTU_52229
008 210402s9999 xx 000 0 und d
020 |b 40000 
082 |a 428.24 
082 |b L120 
100 |a Lê Huy Lâm 
245 0 |a 50 bài kiểm tra tiếng Anh tuyển chọn = 50 selected tests 
245 0 |c Lê Huy Lâm 
260 |a Tp. HCM 
260 |b Tp HCM 
260 |c 2002 
650 |a test of english as a foreign language,english language 
650 |x study guides,textbooks for foreign speakers 
980 |a Trung tâm Học liệu Trường Đại học Cần Thơ